| 000 | 00906nam a22002537a 4500 | ||
|---|---|---|---|
| 999 |
_c21087 _d21087 |
||
| 003 | AR-CdUCM | ||
| 008 | 190320b ||||| |||| 00| 0 spa d | ||
| 040 |
_aMUNICIPALIDAD PROVINCIAL DEL CUSCO _cBIBLIOTECA MUNICIPAL DEL CUSCO |
||
| 041 | _h84-205-0311-8 | ||
| 082 |
_a630.24 / _bSC29 |
||
| 100 |
_aScharrer, Karl _943942 |
||
| 245 | _aQuímica agrícola II / | ||
| 260 |
_aMexico : _bUTEHA, _c1976. |
||
| 300 |
_a212 paginas ; _bIlustraciones,diagramas _c18 cm. |
||
| 505 | _aContenido : t.2 : Alimentos domésticos -- Alimentos comerciales -- Conservación de los alimentos -- Daños de orígenes alimentarios en los animales ... | ||
| 650 |
_aQuímica agrícola _920392 |
||
| 650 |
_aSuelos _919092 |
||
| 650 |
_aFertilizantes _919426 |
||
| 650 |
_aAbonos _920896 |
||
| 650 |
_aPlagas agrícolas - control _920897 |
||
| 700 |
_aToral, Maria Teresa _943943 |
||
| 942 |
_2ddc _cLIBROS |
||
| 945 | _azta | ||